=LDR 00000nam 2200000 4500 =001 INLIS000000000011531 =005 20130612103103 =008 ***********************************Eng** =035 ##$$0010-061300000011531 =041 ##$$a Eng =082 ##$$a 709 =090 ##$$a 709, Fle; =100 ##$$a Flening, William =245 ##$$a Art and Indeks, Willtyam Flenning =260 ##$$a ilus $b XII =300 ##$$a canada, Holt, Rinehart and Wilston, 1966 =650 ##$$a kesenian =650 ##$$a Sejarah =850 ##$$a NBPNMAT